Top 5 Songs On Suck It And See (Arctic Monkeys) - Statistics

General Stats
  • This quiz has been taken 64 times
  • The average score is 4 of 5
Answer Stats
Hint Answer % Correct
82,835,092 Suck It And See
96%
65,279,877 Piledriver Waltz
85%
60,223,286 She's Thunderstorms
85%
74,591,570 Love is A Laserquest
78%
71,752,302 Don't Sit Down 'Cause I've Moved Your Chair
69%
No matching quizzes found
Score Distribution
Percent of People with Each Score
Percentile by Number Answered
Your Score History
You have not taken this quiz